000 00652nam a22001937a 4500
005 20251108173318.0
008 250721s2005 xx 000 0 ara d
020 _a9953811997
082 1 4 _aم/213.63/علا
100 1 _aابن علان، محمد بن علي بن محمد علان ابراهيم الشافعي
_eمؤلف
245 1 0 _aالفتوحات الربانية على الأذكار النووية /
264 1 _aعمان :
_bالدار العثمانية،
_c2005.
300 _a3مج.
650 1 7 _aالحديث الشريف
650 1 7 _aفقه السنه
650 1 7 _aالأحكام
942 _2ddc
_cREF
999 _c101003
_d101003